01362nab a2200241 i 4500001000400000003000400004005001700008008003900025040000800064041001300072044000800085080001000093100013700103245022400240260001000464500002100474520016200495650004100657655003000698700014200728711013500870773011501005BPPBPK20180427110748.0141210s1987 pl | | |100 ||pol cBPK apolbeng aPOL a621.9 aKARPIŃSKI, Tadeusz.d1970 - 1996.bWyższa Szkoła Inżynierska w Koszalinie - Wydział Mechaniczny,cZakład Technologii Maszyn aStan i perspektywy rozwoju metod badania twardości narzędzi ściernych = bState and perspectives of development of the abrasive tools hardness investigation methods /cTadeusz Karpiński, Bronisław Słowiński. c1987. aDane z autopsji. aW referacie przedstawiono analizę istniejących metod pomiaru twardości narzędzi ściernych. Szczególną uwagę zawrócono na metody akustyczne. 0aSzlifowanie - narzędzia i maszyny. 0aMateriały konferencyjne. aSŁOWIŃSKI, Bronisław.d1972 - 1996.bWyższa Szkoła Inżynierska w Koszalinie - Wydział Mechaniczny, cZakład Technologii Maszyn aOgólnopolska Konferencja Naukowo-Techniczna nt. Tendencje rozwojowe w technologii maszynn(5 ;d1987 ;cZielona Góra, Polska). iW :tZeszyty Naukowe Wyższej Szkoły Inżynierskiej w Zielonej Górze. Mechanika. -g1987, Z. 17, s. 77-82